Central Library OPAC University of Rajshahi

পাঁচকড়ি বন্দ্যোপাধ্যায়ের রচনাবলী / (Record no. 44996)

MARC details
000 -LEADER
fixed length control field 01285nam a2200253 a 4500
001 - CONTROL NUMBER
control field 44996
003 - CONTROL NUMBER IDENTIFIER
rucl marc code BD-RjUL
005 - DATE AND TIME OF LATEST TRANSACTION
control field 20211209053939.0
008 - FIXED-LENGTH DATA ELEMENTS--GENERAL INFORMATION
fixed length control field 160721s1951 ii ||||| |||| 00| j en d
035 ## - SYSTEM CONTROL NUMBER
System control number (BD-RjUL)45114
040 ## - CATALOGING SOURCE
Original cataloging agency BD-RjUL
Language of cataloging ben
Transcribing agency BD-RjUL
041 ## - LANGUAGE CODE
Language code of text/sound track or separate title ben
082 ## - DEWEY DECIMAL CLASSIFICATION NUMBER
Edition number 23
Classification number 891.443
Author mark and year BAP 1951
100 1# - MAIN ENTRY--PERSONAL NAME
Personal name বন্দ্যোপাধ্যায়, পাঁচকড়ি
9 (RLIN) 137879
245 1# - TITLE STATEMENT
Title পাঁচকড়ি বন্দ্যোপাধ্যায়ের রচনাবলী /
Statement of responsibility, etc. পাঁচকড়ি বন্দ্যোপাধ্যায়; সম্পাদক ব্রজেন্দ্রনাথ বন্দ্যোপাধ্যায়, সজনীকান্ত দাস
260 ## - PUBLICATION, DISTRIBUTION, ETC. (IMPRINT)
Place of publication, distribution, etc. কলকাতা :
Name of publisher, distributor, etc. বঙ্গীয়-সাহিত্য পরিষদ,
Date of publication, distribution, etc. ১৯৫১ [১৩৫৮]
300 ## - PHYSICAL DESCRIPTION
Pagination খন্ড পৃ. ;
Size ২২ সেমি.
505 0# - FORMATTED CONTENTS NOTE
Formatted contents note খন্ড-২ --
650 ## - SUBJECT ADDED ENTRY--TOPICAL TERM
Topical term or geographic name as entry element বাংলা উপন্যাস
9 (RLIN) 139026
Topical term or geographic name as entry element Bengali fiction
9 (RLIN) 139027
700 ## - ADDED ENTRY--PERSONAL NAME
Personal name বন্দ্যোপাধ্যায়, ব্রজেন্দ্রনাথ
Personal name দাস, সজনীকান্ত
942 ## - ADDED ENTRY ELEMENTS (KOHA)
Source of classification or shelving scheme Dewey Decimal Classification
Koha item type Books
Holdings
Lost status Source of classification or shelving scheme Damaged status Not for loan Collection code Permanent Location Current Location Shelving location Date acquired Source of acquisition Cost, normal purchase price Total Checkouts Full call number Date last seen Copy number Koha item type
  Dewey Decimal Classification     Fiction Central Library, University of Rajshahi Central Library, University of Rajshahi   11/07/1956 Nowros 6.12   B 891.4408 BAP V-2 1951 21/07/2016 C-2 Books
  Dewey Decimal Classification     Fiction Central Library, University of Rajshahi Central Library, University of Rajshahi   05/10/1970 sweit & zeitlinger 60.00   B 891.4408 BAP V-1 1951 20/08/2016 C-2 Books
  Dewey Decimal Classification     Fiction Central Library, University of Rajshahi Central Library, University of Rajshahi   06/09/1973 sweit & zeitlinger 60.00   B 891.4408 BAP V-2 1951 20/08/2016 C-3 Books
  Dewey Decimal Classification     Fiction Central Library, University of Rajshahi Central Library, University of Rajshahi   28/11/1978 Bangladesh Books International Ltd. 10.00   B 891.4408 BAP V-1 1950 20/08/2016 C-3 Books
  Dewey Decimal Classification     Non-fiction Central Library, University of Rajshahi Central Library, University of Rajshahi   28/11/1978 India international, kolcutta 10.00   B 891.443 BAP V-1 1951 26/09/2016 C-4 Books